00743nam a2200241Ia 4500003000900000005001700009008004100026040001300067040001300080041000800093100002500101245007900126250001100205260001400216260000900230300001100239300001000250490002500260490000600285942001200291999001700303952018100320IT-RoPAU20220918175851.0120407s9999 xx 000 0 und d aIT-RoPAU cIT-RoPAU aita aIgnazio Sanna936136 aL’uomo via fondamentale della Chiesa. Trattato di antropologia teologica aNapoli aDehoniane c1983 a391 p. c21 cm aTeologia a confronto v4 cBK2ddc c33937d33937 00102ddc406233_26000000000000071aPAULUSbPAULUSd2012-04-11l0o233.26r2012-04-11 00:00:00w2012-04-11yBKzInserito da: In data: n.d. fondo: Via A.Severo 56 Progr:18110